000 00526nmm a2200157Ia 4500
008 251105s9999||||xx |||||||||||||||||und||
020 _a9789502330013
041 _aspa
100 _aMartín, Alicia
245 0 _aCultura y patrimonio nacional :
_b Los estudios de Folklore en la Universidad de Buenos Aires
264 _a[Buenos Aires, Argentina] :
_bEudeba,
_c2020
300 _a176 páginas
650 _aHistory of the Americas: Latin America
856 _uhttps://public.digitaliapublishing.com/a/128396
942 _cCF
999 _c93318
_d93318